000 00250nam a2200097Ia 4500
005 20251222114345.0
008 251222s1900||||xx |||||||||||||| ||spa||
082 _aDVD0070/C28/2004
245 0 _aConversaciones con mamá:Conversations with Mom
942 _cDVD
999 _c992
_d992